000 01090nam a2200289 i 4500
001 196885
003 ES-MaACL
005 20250802063126.0
008 250117b2024 sp ||||| |||| 00| 0 spa d
017 _aM 26602-2024
_bOficina Depósito Legal Madrid
020 _a9788412928150
040 _bspa
_cES-MaACL
100 1 _aCuadrado Martín, Miguel Ángel
_9239476
_eaut
245 1 _aPajarita y otros relatos /
_cMiguel Ángel Cuadrado Martín.
260 _a[Madrid] :
_bEditorial Maluma,
_c2024.
300 _a331 páginas ;
_c22 cm
336 _2rdacontent
_atexto
337 _2rdamedia
_asin mediación
338 _2rdacarrier
_avolumen
655 0 _9176540
_aAntologías
852 _aES-MaACL
_cDEPOJ
_jN-10293
_xEncuadernación rústica con solapas
_9206415
_hDonación: Miguel Ángel Cuadrado Martín
903 _9239476
_aCuadrado Martín, Miguel Ángel
_ednr
942 _cMONOGRAFIA
_n0
999 _c196885
_d196885